[Event "Staatsliga B 8.Runde"]
[Site "?"]
[Date "2003.02.08"]
[Round "8.6"]
[White "Schnieder, Gerd"]
[Black "Casagrande, Harald"]
[Result "1/2-1/2"]
[WhiteElo "2195"]
[BlackElo "2353"]
[PlyCount "100"]
[EventDate "2003.??.??"]

1. d4 d5 2. Nf3 Nf6 3. Bg5 e6 4. Nbd2 Be7 5. c3 b6 6. Bxf6 Bxf6 7. e4 dxe4 8.
Nxe4 O-O 9. Bd3 Nd7 10. h4 Bb7 11. Qc2 Re8 12. O-O-O Qe7 13. Kb1 Rac8 14. Nfg5
h6 15. f4 hxg5 16. hxg5 Bxe4 17. Bxe4 Bxg5 18. fxg5 Qxg5 19. Bc6 Rcd8 20. Qh7+
Kf8 21. Rdf1 Ke7 22. Qc2 Rf8 23. Qa4 a5 24. Qa3+ Ke8 25. Qb3 Rb8 26. Rh3 Kd8
27. Qc2 Nf6 28. Ka1 Nd5 29. Rhf3 Ne7 30. Be4 f6 31. Qb3 Kd7 32. Rd3 c6 33. Re1
Qb5 34. Qd1 f5 35. Bf3 Rf6 36. b3 a4 37. c4 Qa5 38. d5 axb3 39. dxc6+ Ke8 40.
Rxb3 Rd8 41. Qc1 Rc8 42. Rb5 Qa4 43. Re3 Rh6 44. Rxb6 Ra8 45. a3 Rh4 46. Rxe6
Rxc4 47. Qe3 Kf8 48. c7 Qxa3+ 49. Qxa3 Rxa3+ 50. Kb2 Rac3 1/2-1/2

[Event "Staatsliga B 8.Runde"]
[Site "?"]
[Date "2003.02.08"]
[Round "8.6"]
[White "Freimueller, Peter"]
[Black "Detter, Peter"]
[Result "1/2-1/2"]
[WhiteElo "2076"]
[BlackElo "2170"]
[PlyCount "88"]
[EventDate "2003.??.??"]

1. c4 Nf6 2. d4 e6 3. Nc3 d5 4. Nf3 c5 5. cxd5 Nxd5 6. e4 Nxc3 7. bxc3 cxd4 8.
cxd4 Bb4+ 9. Bd2 Bxd2+ 10. Qxd2 O-O 11. Be2 b6 12. O-O Bb7 13. Qe3 Nd7 14. e5
Qe7 15. Ng5 Rfd8 16. f4 Nf8 17. Bh5 g6 18. Bf3 Bxf3 19. Rxf3 f5 20. Rf2 Qb4 21.
Rd2 Rac8 22. Rad1 Rd5 23. h3 Rc3 24. Rd3 Rc2 25. Rb3 Qc4 26. a3 b5 27. Nf3 Nd7
28. Ne1 Re2 29. Qc3 Nb6 30. Nf3 Re4 31. g3 h6 32. Qxc4 Nxc4 33. Kf2 g5 34. fxg5
Nxe5 35. Nxe5 Rexe5 36. gxh6 Re4 37. Rbd3 Kh7 38. Re3 Rxe3 39. Kxe3 Kxh6 40.
Rc1 Kg5 41. Rc6 Kf6 42. Ra6 Rd7 43. h4 Rg7 44. Kf3 Rd7 1/2-1/2

[Event "Staatsliga B 9.Runde"]
[Site "?"]
[Date "2003.02.09"]
[Round "9.1"]
[White "Gyimesi, Zoltan"]
[Black "Wittmann, Walter"]
[Result "1-0"]
[WhiteElo "2596"]
[BlackElo "2345"]
[PlyCount "91"]
[EventDate "2003.??.??"]

1. b3 d5 2. Bb2 Bg4 3. f3 Bf5 4. e3 e6 5. f4 Nf6 6. Nf3 Nbd7 7. Be2 h6 8. O-O
c6 9. Nc3 Bd6 10. Bd3 Bxd3 11. cxd3 g5 12. Ne2 Rg8 13. Be5 Qe7 14. d4 gxf4 15.
Bxf4 Bxf4 16. Nxf4 Ne4 17. b4 O-O-O 18. b5 cxb5 19. a4 b4 20. a5 Kb8 21. Qb3
Rc8 22. Ra4 Rc4 23. d3 Rc3 24. Qb2 Ng5 25. Nd2 Nf6 26. Rxb4 Rc7 27. Rb1 Ng4 28.
Nf1 Ka8 29. Qe2 f5 30. h3 Nf6 31. R4b2 e5 32. dxe5 Qxe5 33. a6 b6 34. Rc2 Rcg7
35. Rbc1 Kb8 36. Rc6 d4 37. Qc2 Nxh3+ 38. Kh1 Nf2+ 39. Qxf2 Ng4 40. Qc2 Qe8 41.
exd4 Qd8 42. d5 Ne5 43. Qf2 Rg4 44. Nh2 Rg3 45. Ne6 Qh4 46. Rxb6+ 1-0

[Event "Staatsliga B 9.Runde"]
[Site "?"]
[Date "2003.02.09"]
[Round "9.1"]
[White "Zupe, Miran"]
[Black "Pavasovic, Dusko"]
[Result "1/2-1/2"]
[WhiteElo "2378"]
[BlackElo "2581"]
[PlyCount "39"]
[EventDate "2003.??.??"]

1. e4 e5 2. Nf3 Nc6 3. Bc4 Nf6 4. d3 Be7 5. O-O d6 6. c3 O-O 7. Re1 Na5 8. Bb5
a6 9. Ba4 b5 10. Bc2 c5 11. Nbd2 h6 12. Nf1 Re8 13. Ng3 Bf8 14. d4 Nc6 15. h3
Qc7 16. Be3 Bb7 17. d5 Ne7 18. Nh4 g6 19. Qd2 Kh7 20. Rf1 1/2-1/2

[Event "Staatsliga B 9.Runde"]
[Site "?"]
[Date "2003.02.09"]
[Round "9.1"]
[White "Fauland, Peter"]
[Black "Horvath, Jozsej"]
[Result "1/2-1/2"]
[WhiteElo "2427"]
[BlackElo "2514"]
[PlyCount "30"]
[EventDate "2003.??.??"]

1. g3 g6 2. Bg2 Bg7 3. c4 Nf6 4. Nc3 O-O 5. e4 c5 6. Nge2 Nc6 7. d3 a6 8. O-O
Rb8 9. a4 d6 10. Rb1 Bd7 11. h3 Ne8 12. Be3 Nc7 13. d4 cxd4 14. Nxd4 Ne6 15.
Nde2 a5 1/2-1/2

[Event "Staatsliga B 9.Runde"]
[Site "?"]
[Date "2003.02.09"]
[Round "9.1"]
[White "Uhlmann, Wolfgang"]
[Black "Ruck, Robert"]
[Result "1/2-1/2"]
[WhiteElo "2440"]
[BlackElo "2572"]
[PlyCount "88"]
[EventDate "2003.??.??"]

1. c4 e5 2. Nc3 Nf6 3. Nf3 Nc6 4. g3 d5 5. cxd5 Nxd5 6. Bg2 Nb6 7. d3 Be7 8.
O-O O-O 9. Be3 Re8 10. Rc1 Bf8 11. Na4 e4 12. Ne1 Bg4 13. Nc3 exd3 14. Qxd3 Qe7
15. b3 Rad8 16. Qb1 Nb4 17. Bxb6 axb6 18. Nc2 Nxc2 19. Qxc2 c6 20. h3 Be6 21.
Rfd1 Qc5 22. Rd2 b5 23. e3 Be7 24. Ne2 Qxc2 25. Rcxc2 Bb4 26. Rxd8 Rxd8 27. Nd4
Bd7 28. f4 c5 29. Ne2 b6 30. Nc3 Bxc3 31. Rxc3 Be6 32. Rc2 Kf8 33. g4 Ke7 34.
Kf2 f6 35. Bf1 b4 36. Be2 h6 37. Kg1 g5 38. Kf2 Rd6 39. Kg2 Bd5+ 40. Bf3 Bf7
41. Be4 Rd1 42. Kf2 Be8 43. Bf3 Rd6 44. Kf1 Bg6 1/2-1/2

[Event "Staatsliga B 9.Runde"]
[Site "?"]
[Date "2003.02.09"]
[Round "9.2"]
[White "Buhmann, Rainer"]
[Black "Herrmann, Johann"]
[Result "1-0"]
[WhiteElo "2527"]
[BlackElo "2182"]
[PlyCount "81"]
[EventDate "2003.??.??"]

1. Nf3 Nf6 2. c4 b6 3. Nc3 Bb7 4. d4 e6 5. a3 Be7 6. d5 O-O 7. e4 d6 8. Be2 e5
9. O-O Nbd7 10. b4 a5 11. Rb1 Re8 12. Ne1 Bc8 13. Nd3 h6 14. Qc2 g5 15. Be3 Nf8
16. Rfc1 Ng6 17. f3 Nh5 18. Nf2 Nhf4 19. Bf1 Kg7 20. g3 Nh5 21. c5 axb4 22.
cxd6 Bxd6 23. axb4 Bd7 24. Nb5 Bxb5 25. Bxb5 Rg8 26. Bd2 Kh7 27. Ng4 Nf6 28.
Ne3 Ne7 29. Ra1 Rxa1 30. Rxa1 Qc8 31. Bc3 Ne8 32. Qa4 Ng7 33. Ng4 Rf8 34. Nf6+
Kh8 35. Nd7 Rd8 36. Nxe5 Bxe5 37. Bxe5 Ng6 38. Bf6 Rd6 39. Qa8 Qxa8 40. Rxa8+
Kh7 41. Bc3 1-0

[Event "Staatsliga B 9.Runde"]
[Site "?"]
[Date "2003.02.09"]
[Round "9.2"]
[White "Watzka, Horst"]
[Black "Farago, Ivan"]
[Result "0-1"]
[WhiteElo "2348"]
[BlackElo "2474"]
[PlyCount "82"]
[EventDate "2003.??.??"]

1. e4 c5 2. Nf3 e6 3. Nc3 a6 4. d4 cxd4 5. Nxd4 Qc7 6. Bd3 Nc6 7. Be3 Nf6 8.
Nxc6 bxc6 9. f4 d5 10. Qe2 Be7 11. e5 Nd7 12. Nd1 O-O 13. O-O c5 14. c4 dxc4
15. Bxc4 Bb7 16. Nc3 Nb6 17. Bb3 c4 18. Bc2 Nd5 19. Kh1 Nb4 20. Be4 Rac8 21. a3
Bxe4 22. Nxe4 Nd3 23. Bd4 Rfd8 24. Bc3 Qc6 25. Rf3 Rd7 26. Raf1 g6 27. h3 Rcd8
28. Kh2 Nc5 29. Nf2 Nb3 30. Qe4 Qc7 31. Ng4 Nd2 32. Bxd2 Rxd2 33. R3f2 Kg7 34.
Rc1 R8d4 35. Qe1 R2d3 36. Rf1 h5 37. Nf2 Bh4 38. Nxd3 Bxe1 39. Nxe1 g5 40. fxg5
Qxe5+ 41. Kh1 Re4 0-1

[Event "Staatsliga B 9.Runde"]
[Site "?"]
[Date "2003.02.09"]
[Round "9.2"]
[White "Horvath, Peter"]
[Black "Baumgartner, Heinz"]
[Result "1/2-1/2"]
[WhiteElo "2482"]
[BlackElo "2396"]
[PlyCount "61"]
[EventDate "2003.??.??"]

1. d4 d5 2. c4 e6 3. Nc3 Nf6 4. cxd5 exd5 5. Bg5 Nbd7 6. e3 Be7 7. Bd3 O-O 8.
Nf3 c6 9. Qc2 Re8 10. O-O Nf8 11. Rab1 Be6 12. b4 N6d7 13. Bxe7 Qxe7 14. Rfc1
Rec8 15. Na4 b5 16. Nc3 Nb6 17. a4 a6 18. Re1 Nc4 19. Bxc4 bxc4 20. e4 Qf6 21.
b5 axb5 22. axb5 cxb5 23. Rxb5 dxe4 24. Nxe4 Qf4 25. Qc3 Rd8 26. g3 Qc7 27. Ne5
Bd5 28. Nc5 Ne6 29. Nxe6 Bxe6 30. Rc5 Qd6 31. Nxc4 1/2-1/2

[Event "Staatsliga B 9.Runde"]
[Site "?"]
[Date "2003.02.09"]
[Round "9.3"]
[White "Krebs, Hans"]
[Black "Nemeth, Zoltan"]
[Result "0-1"]
[WhiteElo "2280"]
[BlackElo "2341"]
[PlyCount "112"]
[EventDate "2003.??.??"]

1. d4 d5 2. c4 dxc4 3. Nf3 c5 4. d5 e6 5. e4 exd5 6. exd5 Bd6 7. Bxc4 Nf6 8.
Qe2+ Kf8 9. Nc3 h6 10. O-O a6 11. a4 Bg4 12. Ne4 Nxe4 13. Qxe4 Bxf3 14. Qxf3
Qh4 15. Qh3 Qxh3 16. gxh3 Nd7 17. Re1 Kg8 18. h4 Kh7 19. Bd3+ g6 20. h5 Ne5 21.
hxg6+ Kg7 22. Be2 Nxg6 23. Be3 b6 24. Rac1 a5 25. Rc4 Rhe8 26. Rg4 Rad8 27. Kh1
Be5 28. Bc4 Bf4 29. Re2 Bxe3 30. fxe3 Rd6 31. e4 Re5 32. Reg2 h5 33. Rf4 Kf8
34. Rf1 Rxe4 35. b3 Rg4 36. Rgf2 Ne5 37. Rf5 Re4 38. Rxh5 Nxc4 39. bxc4 Rxc4
40. Rg5 Rd7 41. Kg2 Rxa4 42. Rf6 b5 43. Rb6 b4 44. d6 Ra2+ 45. Kg3 Rd2 46. Rc6
R7xd6 47. Rgxc5 R2d5 48. Rc7 Rd7 49. Rc8+ Kg7 50. Kf4 Rd4+ 51. Ke3 b3 52. Ra8
a4 53. Rc1 b2 54. Rb1 Rd3+ 55. Ke4 a3 56. Kf5 Rd1 0-1

[Event "Staatsliga B 9.Runde"]
[Site "?"]
[Date "2003.02.09"]
[Round "9.3"]
[White "Feher, Gyula"]
[Black "Supancic, Darko"]
[Result "1-0"]
[WhiteElo "2427"]
[BlackElo "2381"]
[PlyCount "72"]
[EventDate "2003.??.??"]

1. e4 Nf6 2. e5 Nd5 3. d4 d6 4. Nf3 Nc6 5. c4 Nb6 6. exd6 exd6 7. Be2 Be7 8.
O-O O-O 9. Nc3 Bf6 10. h3 Bf5 11. Bf4 Re8 12. Re1 Qd7 13. Rc1 h6 14. Qd2 Rad8
15. b3 Ne7 16. g4 Bh7 17. Bf1 Ng6 18. Bg3 Rxe1 19. Rxe1 Rf8 20. Bd3 c6 21. Bf5
Qd8 22. Qd3 d5 23. Re3 Re8 24. cxd5 Rxe3 25. Qxe3 Nxd5 26. Nxd5 Qxd5 27. Qe8+
Nf8 28. Bxh7+ Kxh7 29. Qxf8 Qxf3 30. Qxf7 b5 31. Qxa7 Qd1+ 32. Kg2 Qc2 33. Qd7
Qe4+ 34. Kh2 Bxd4 35. Qf5+ Qxf5 36. gxf5 c5 1-0

[Event "Staatsliga B 9.Runde"]
[Site "?"]
[Date "2003.02.09"]
[Round "9.3"]
[White "Rolletschek, Heinrich"]
[Black "Schein, Heinz"]
[Result "1-0"]
[WhiteElo "2261"]
[BlackElo "2232"]
[PlyCount "57"]
[EventDate "2003.??.??"]

1. e4 e6 2. d3 d5 3. Nd2 c5 4. Ngf3 Nc6 5. g3 Nf6 6. Bg2 Be7 7. O-O O-O 8. Re1
b5 9. e5 Nd7 10. Nf1 a5 11. h4 a4 12. Bf4 b4 13. Qd2 Ba6 14. h5 Nd4 15. N1h2
Qb6 16. Rac1 Rfc8 17. h6 g6 18. Ng5 Rab8 19. c3 bxc3 20. bxc3 Nc6 21. Ng4 Nf8
22. Qe2 Qd8 23. Nf3 a3 24. Rb1 Rb6 25. Rxb6 Qxb6 26. Bg5 Rb8 27. Bxe7 Nxe7 28.
Nf6+ Kh8 29. Ng5 1-0

[Event "Staatsliga B 9.Runde"]
[Site "?"]
[Date "2003.02.09"]
[Round "9.3"]
[White "Stanec, Nicolaus"]
[Black "Wegerer, Fred"]
[Result "1-0"]
[WhiteElo "2523"]
[BlackElo "2240"]
[PlyCount "53"]
[EventDate "2003.??.??"]

1. c4 e5 2. Nc3 Nf6 3. g3 Bb4 4. Nf3 Nc6 5. Bg2 O-O 6. O-O Re8 7. d3 h6 8. e4
d6 9. Nh4 Nd4 10. a3 Bc5 11. h3 a5 12. Rb1 c6 13. Kh2 Be6 14. Be3 Kh7 15. Rc1
g5 16. Nf3 Nxf3+ 17. Bxf3 Bxe3 18. fxe3 g4 19. Bg2 gxh3 20. Bxh3 Rg8 21. Qf3
Ng4+ 22. Bxg4 Rxg4 23. d4 Qg5 24. d5 Rg8 25. dxe6 Rxg3 26. Qxf7+ Rg7 27. Qf5+
1-0

[Event "Staatsliga B 9.Runde"]
[Site "?"]
[Date "2003.02.09"]
[Round "9.4"]
[White "Benda, Herbert"]
[Black "Wöber, Friedrich"]
[Result "1/2-1/2"]
[WhiteElo "2251"]
[BlackElo "2176"]
[PlyCount "27"]
[EventDate "2003.??.??"]

1. e4 d5 2. exd5 Nf6 3. d4 Bg4 4. f3 Bf5 5. Bb5+ Nbd7 6. c4 a6 7. Ba4 b5 8. Bc2
Bxc2 9. Qxc2 Nb6 10. cxb5 Qxd5 11. Qc6+ Qxc6 12. bxc6 O-O-O 13. Ne2 Rd6 14.
Nbc3 1/2-1/2

[Event "Staatsliga B 9.Runde"]
[Site "?"]
[Date "2003.02.09"]
[Round "9.4"]
[White "Eichert, Wolfgang"]
[Black "Rannegger, Martin"]
[Result "1-0"]
[WhiteElo "2197"]
[BlackElo "2119"]
[PlyCount "39"]
[EventDate "2003.??.??"]

1. e4 c5 2. Nf3 Nc6 3. d4 cxd4 4. Nxd4 Nf6 5. Nc3 e5 6. Ndb5 d6 7. Bg5 a6 8.
Na3 b5 9. Nd5 Be7 10. Bxf6 Bxf6 11. c3 O-O 12. Nc2 Bg5 13. a4 bxa4 14. Rxa4 Rb8
15. b4 Ne7 16. Nxe7+ Qxe7 17. Bxa6 Bd7 18. Ra5 Bc6 19. Qd3 f5 20. Qc4+ 1-0

[Event "Staatsliga B 9.Runde"]
[Site "?"]
[Date "2003.02.09"]
[Round "9.4"]
[White "Aschenbrenner, Robert"]
[Black "Tober, Gerhard"]
[Result "1/2-1/2"]
[WhiteElo "2230"]
[BlackElo "2233"]
[PlyCount "30"]
[EventDate "2003.??.??"]

1. d4 d5 2. c4 e6 3. Nc3 c6 4. e4 dxe4 5. Nxe4 Nd7 6. Nf3 Ngf6 7. Bd3 Nxe4 8.
Bxe4 Nf6 9. Bc2 Bb4+ 10. Bd2 Bxd2+ 11. Qxd2 b6 12. O-O Bb7 13. Rad1 O-O 14. Qe3
Qc7 15. c5 Ba6 1/2-1/2

[Event "Staatsliga B 9.Runde"]
[Site "?"]
[Date "2003.02.09"]
[Round "9.4"]
[White "Petschar, Kurt"]
[Black "Bawart, Markus"]
[Result "1/2-1/2"]
[WhiteElo "2291"]
[BlackElo "2337"]
[PlyCount "66"]
[EventDate "2003.??.??"]

1. e4 c5 2. c3 d5 3. exd5 Nf6 4. Qa4+ Nbd7 5. c4 g6 6. Nf3 Bg7 7. Be2 O-O 8.
O-O Re8 9. Nc3 e6 10. dxe6 Rxe6 11. d4 Nb6 12. Qd1 cxd4 13. c5 Re8 14. Nxd4 Ne4
15. Nxe4 Rxe4 16. Nb5 Qxd1 17. Bxd1 Nc4 18. Bf3 Re5 19. Nc7 Rb8 20. Bf4 Rf5 21.
Nd5 Rxf4 22. Nxf4 Nxb2 23. Rae1 Kf8 24. Re2 Bf5 25. g4 Bd7 26. Rb1 Na4 27. c6
Nc3 28. cxd7 Nxb1 29. Bxb7 Nc3 30. Re1 Bf6 31. Bc8 Rb1 32. Rxb1 Nxb1 33. Nd5
Bd8 1/2-1/2

[Event "Staatsliga B 9.Runde"]
[Site "?"]
[Date "2003.02.09"]
[Round "9.4"]
[White "Dohr, Alexander"]
[Black "Weiss, Christian"]
[Result "0-1"]
[WhiteElo "2161"]
[BlackElo "2422"]
[PlyCount "77"]
[EventDate "2003.??.??"]

1. e4 c5 2. Nc3 Nc6 3. g3 g6 4. Bg2 Bg7 5. d3 e6 6. f4 d6 7. Nf3 Nge7 8. O-O
Rb8 9. a4 a6 10. Qe1 b5 11. axb5 axb5 12. g4 f5 13. gxf5 exf5 14. exf5 Bxf5 15.
Nh4 Nd4 16. Nxf5 gxf5 17. Ra7 Kf8 18. Qg3 Rg8 19. Qh3 Nec6 20. Ra6 Qd7 21. Nd5
Nb4 22. Nxb4 cxb4 23. Kh1 Qe6 24. c3 Ne2 25. Re1 Re8 26. Bd2 bxc3 27. bxc3 Qg6
28. Bc6 Bxc3 29. Qf1 Qh5 30. Qf3 Qxf3+ 31. Bxf3 Bxd2 32. Rxe2 Be3 33. Bg2 Rc8
34. Ra1 Bd4 35. Rb1 b4 36. Bh3 Rc5 37. Ree1 Bc3 38. Re6 Rg6 39. Re2 0-1

[Event "Staatsliga B 9.Runde"]
[Site "?"]
[Date "2003.02.09"]
[Round "9.5"]
[White "Kratschmer, Heinz"]
[Black "Kaspret, Guido"]
[Result "1/2-1/2"]
[WhiteElo "2096"]
[BlackElo "2278"]
[PlyCount "55"]
[EventDate "2003.??.??"]

1. d4 Nf6 2. Nf3 g6 3. Nc3 d5 4. Bf4 Bg7 5. e3 O-O 6. Be2 c6 7. Qd2 Nbd7 8. Ne5
Nxe5 9. Bxe5 b5 10. O-O a5 11. a3 Bh6 12. Bd3 Ng4 13. Bf4 Bxf4 14. exf4 Bf5 15.
Bxf5 gxf5 16. Ne2 e6 17. f3 Nf6 18. Nc1 Kh8 19. Nd3 Nd7 20. c3 Rg8 21. Qe1 Qc7
22. Qh4 Qd8 23. Qe1 a4 24. Rd1 Qf6 25. Ne5 Nxe5 26. Qxe5 Qxe5 27. fxe5 c5 28.
dxc5 1/2-1/2

[Event "Staatsliga B 9.Runde"]
[Site "?"]
[Date "2003.02.09"]
[Round "9.5"]
[White "Knoll, Hermann"]
[Black "Jetzl, Jörg"]
[Result "1-0"]
[WhiteElo "2365"]
[BlackElo "2228"]
[PlyCount "87"]
[EventDate "2003.??.??"]

1. d4 e6 2. Nf3 f5 3. Nc3 Nf6 4. Bg5 d5 5. e3 Be7 6. Ne5 O-O 7. f3 c5 8. Qd2
Nc6 9. Bb5 Nxe5 10. dxe5 Nd7 11. Bxe7 Qxe7 12. f4 a6 13. Be2 Kh8 14. O-O-O b5
15. g4 Nb6 16. gxf5 b4 17. Nb1 exf5 18. Bf3 Be6 19. Qe2 Rfc8 20. Rhg1 c4 21. c3
Rab8 22. Rg2 Rc7 23. Qe1 a5 24. Rd4 Rd7 25. Qd1 a4 26. a3 bxa3 27. Nxa3 Qc5 28.
Rgd2 Rdb7 29. Qh1 Rd7 30. Kd1 Rbd8 31. Ke2 Nc8 32. Nc2 Na7 33. Nb4 Nc6 34. Nxc6
Qxc6 35. Qd1 Qb5 36. h4 Qc6 37. h5 Bf7 38. Qh1 Be6 39. h6 g6 40. Qh4 Rf8 41.
Kf2 Qb5 42. Be2 Qc6 43. Bxc4 g5 44. Qxg5 1-0

[Event "Staatsliga B 9.Runde"]
[Site "?"]
[Date "2003.02.09"]
[Round "9.5"]
[White "Arwanitakis, Michael"]
[Black "Genser, Harald"]
[Result "1/2-1/2"]
[WhiteElo "2190"]
[BlackElo "2268"]
[PlyCount "51"]
[EventDate "2003.??.??"]

1. Nc3 c5 2. Nf3 Nc6 3. d4 cxd4 4. Nxd4 Nf6 5. g3 Qb6 6. Nb3 d6 7. Bg2 e6 8.
O-O Be7 9. Be3 Qc7 10. Nb5 Qb8 11. N3d4 Bd7 12. c4 O-O 13. b3 a6 14. Nc3 Nxd4
15. Qxd4 Qc7 16. Qb6 Qxb6 17. Bxb6 Bc6 18. Rfd1 Rfc8 19. Rac1 Bxg2 20. Kxg2 Rc6
21. Bd4 Rac8 22. Rb1 d5 23. cxd5 Rxc3 24. Bxc3 Rxc3 25. dxe6 fxe6 26. Rbc1
1/2-1/2

[Event "Staatsliga B 9.Runde"]
[Site "?"]
[Date "2003.02.09"]
[Round "9.5"]
[White "Stadler, Peter"]
[Black "Demuth, Markus"]
[Result "1-0"]
[WhiteElo "2187"]
[BlackElo "2228"]
[PlyCount "65"]
[EventDate "2003.??.??"]

1. d4 d5 2. Nf3 Nf6 3. g3 g6 4. Bg2 Bg7 5. O-O O-O 6. c4 dxc4 7. Na3 c3 8. bxc3
c5 9. e3 Nc6 10. Nc4 Bf5 11. Ba3 Ne4 12. Rc1 Rc8 13. Nfd2 Nxd2 14. Qxd2 cxd4
15. cxd4 Qd7 16. d5 Ne5 17. Nxe5 Bxe5 18. e4 Qa4 19. Bxe7 Rfe8 20. Rxc8 Bxc8
21. d6 Bd7 22. Qd5 Qd4 23. Qxd4 Bxd4 24. Rc1 Bb6 25. e5 Rc8 26. Rxc8+ Bxc8 27.
Bd5 Bd4 28. Bf6 Kf8 29. Kg2 Ke8 30. f4 b5 31. Bc6+ Bd7 32. Bxd7+ Kxd7 33. e6+
1-0

[Event "Staatsliga B 9.Runde"]
[Site "?"]
[Date "2003.02.09"]
[Round "9.5"]
[White "Winiwarter, Felix"]
[Black "Sandner, Wolfgang"]
[Result "0-1"]
[WhiteElo "2191"]
[BlackElo "2220"]
[PlyCount "72"]
[EventDate "2003.??.??"]

1. e4 c5 2. Nf3 d6 3. d4 cxd4 4. Nxd4 Nf6 5. Nc3 g6 6. Be3 Bg7 7. Be2 Nc6 8.
Nb3 O-O 9. f4 Bd7 10. g4 Rc8 11. g5 Ne8 12. O-O f5 13. gxf6 Nxf6 14. Bf3 Bh3
15. Bg2 Bxg2 16. Kxg2 Qd7 17. h3 Kh8 18. Qf3 Nh5 19. Qg4 e6 20. Rad1 Qe7 21.
Kh2 a6 22. Rd2 b5 23. a3 Rcd8 24. Nd4 Nxd4 25. Bxd4 Bxd4 26. Rxd4 Qf6 27. Rfd1
Nxf4 28. Rxd6 Rxd6 29. Rxd6 Qe5 30. Rd2 Nh5+ 31. Kg2 Qf6 32. Kh2 Qe5+ 33. Kg2
Rf4 34. Rd8+ Kg7 35. Rd7+ Kh6 36. Qe2 Qg5+ 0-1

[Event "Staatsliga B 9.Runde"]
[Site "?"]
[Date "2003.02.09"]
[Round "9.6"]
[White "Nickl, Klaus"]
[Black "Hatzl, Stefan"]
[Result "0-1"]
[WhiteElo "2203"]
[BlackElo "2147"]
[PlyCount "84"]
[EventDate "2003.??.??"]

1. d4 e6 2. Nf3 b6 3. e3 Bb7 4. Bd3 f5 5. O-O Nf6 6. Nbd2 Be7 7. Re1 O-O 8. e4
fxe4 9. Nxe4 Na6 10. Nxf6+ Bxf6 11. Be4 Bxe4 12. Rxe4 Qe8 13. Qe2 Qg6 14. Ne5
Bxe5 15. Rxe5 Nb4 16. c3 Nd3 17. Rg5 Nxc1 18. Qe3 Qc2 19. Rxc1 Qxb2 20. Rf1 Rf7
21. h4 Raf8 22. h5 h6 23. Rg3 Qxa2 24. Qxh6 Qd5 25. f4 Qf5 26. Rg6 Re8 27. Rf3
Kf8 28. Qh7 Ke7 29. Rfg3 a5 30. R3g5 Qxf4 31. Rxg7 Ref8 32. Qg6 Rxg7 33. Qxg7+
Rf7 34. Qg8 a4 35. h6 Qf2+ 36. Kh2 Qh4+ 37. Kg1 Qxh6 38. Rg3 a3 39. Qa8 Qc1+
40. Kh2 Rh7+ 41. Rh3 Rxh3+ 42. Kxh3 Qxc3+ 0-1

[Event "Staatsliga B 9.Runde"]
[Site "?"]
[Date "2003.02.09"]
[Round "9.6"]
[White "Mitter, Gerd"]
[Black "Petroczi, Thomas"]
[Result "0-1"]
[WhiteElo "2187"]
[BlackElo "2131"]
[PlyCount "112"]
[EventDate "2003.??.??"]

1. c4 g6 2. Nc3 Bg7 3. Nf3 d6 4. g3 e5 5. Bg2 Nd7 6. d4 Ne7 7. O-O O-O 8. e4
Nc6 9. Be3 exd4 10. Nxd4 Nce5 11. Qe2 Nb6 12. b3 c5 13. Ndb5 a6 14. Na3 Nexc4
15. Nxc4 Bxc3 16. Rad1 Nxc4 17. Qxc4 Qa5 18. Rxd6 Be6 19. Qxc5 b5 20. Rc6 Rac8
21. Bh6 Rfd8 22. Rc1 Bd4 23. Qc2 Rxc6 24. Qxc6 Qxa2 25. Qc7 Qxf2+ 26. Kh1 Re8
27. Qc6 Rd8 28. Rf1 Qe2 29. Qxa6 Bxb3 30. Qa5 Rc8 31. Qb4 Bc4 32. Qd6 Bg7 33.
Bxg7 Kxg7 34. Qe5+ Kg8 35. Qf6 Qg4 36. Ra1 Qe6 37. Qd4 Qe7 38. h4 Rd8 39. Qb6
Qd6 40. Qxd6 Rxd6 41. Ra8+ Kg7 42. Rb8 Rd1+ 43. Kh2 Rd2 44. Kg1 Kf6 45. Bf3 h5
46. Rb7 Ke5 47. Rb6 Kd4 48. Rb7 Kc3 49. g4 hxg4 50. Bxg4 b4 51. h5 gxh5 52.
Bxh5 b3 53. Bxf7 Bxf7 54. Rxf7 b2 55. Rc7+ Kd3 56. Rd7+ Ke3 0-1

[Event "Staatsliga B 9.Runde"]
[Site "?"]
[Date "2003.02.09"]
[Round "9.6"]
[White "Detter, Peter"]
[Black "Casagrande, Harald"]
[Result "0-1"]
[WhiteElo "2170"]
[BlackElo "2353"]
[PlyCount "80"]
[EventDate "2003.??.??"]

1. d4 Nf6 2. Nf3 e6 3. Bg5 h6 4. Bh4 c5 5. c3 cxd4 6. cxd4 Qb6 7. Qc2 Nc6 8.
Bxf6 gxf6 9. e3 Rg8 10. Nc3 d5 11. g3 Bd7 12. Be2 f5 13. a3 Rc8 14. O-O Bd6 15.
Rac1 Na5 16. b4 Nc4 17. Bxc4 Rxc4 18. Qb3 Ke7 19. Nd2 Rc7 20. Na4 Bxa4 21. Qxa4
f4 22. Qd1 Rxc1 23. Qxc1 fxg3 24. fxg3 f5 25. Nb3 h5 26. e4 dxe4 27. Qh6 Be5
28. Rd1 Qd6 29. Qxh5 Bxg3 30. Qh7+ Kf8 31. Qh6+ Ke8 32. Qh5+ Kd8 33. d5 Bxh2+
34. Kh1 Qg3 35. dxe6+ Kc7 36. Qe2 Bg1 37. Rd7+ Kb8 38. Rh7 Bf2 39. Rxb7+ Kxb7
40. Qb5+ Kc7 0-1

[Event "Staatsliga B 9.Runde"]
[Site "?"]
[Date "2003.02.09"]
[Round "9.6"]
[White "Schnider, Gerd"]
[Black "Freimüller, Peter"]
[Result "1-0"]
[WhiteElo "2195"]
[BlackElo "2076"]
[PlyCount "138"]
[EventDate "2003.??.??"]

1. d4 d5 2. c4 e6 3. Nc3 Nf6 4. Bg5 Be7 5. cxd5 exd5 6. e3 O-O 7. Bd3 Nbd7 8.
Nf3 Re8 9. Qc2 h6 10. Bh4 c6 11. O-O Ne4 12. Bxe7 Qxe7 13. Rab1 Ndf6 14. Ne5
Ng4 15. Nxg4 Bxg4 16. b4 Nxc3 17. Qxc3 a6 18. a4 Qg5 19. Rfc1 Bf3 20. Bf1 Re6
21. Rb2 h5 22. Qd3 h4 23. Rc3 Rae8 24. b5 axb5 25. axb5 Rg6 26. g3 Be4 27. Qe2
Ree6 28. bxc6 Rxc6 29. Rxc6 bxc6 30. Bg2 Bxg2 31. Kxg2 Qf5 32. Kg1 h3 33. f3
Rf6 34. f4 Re6 35. Kf2 Rg6 36. Rb8+ Kh7 37. Re8 f6 38. Rb8 Qe4 39. Rb2 Qg2+ 40.
Ke1 Qe4 41. Kd2 f5 42. Rc2 Kh6 43. Rc1 Qe7 44. Qd3 Qb4+ 45. Ke2 Rf6 46. Qd1 Re6
47. Kf2 Qb2+ 48. Rc2 Qb3 49. Qc1 Qb5 50. Rc5 Qa6 51. Rc3 Qa2+ 52. Rc2 Qa4 53.
Re2 Kh7 54. Qb1 g6 55. Qf1 c5 56. dxc5 Qc4 57. Qxh3+ Kg7 58. Qf1 Qxc5 59. Qa1+
Kh7 60. Qd4 Qc6 61. Rd2 Rd6 62. Kf3 Qc1 63. Kg2 Qe1 64. Qd3 Rd7 65. Re2 Qc1 66.
Qb5 Re7 67. Qd3 Qc5 68. Kf2 Rd7 69. Rd2 Qc1 1-0

[Event "Staatsliga-B-Mitte 2002/2003"]
[Site "?"]
[Date "2003.03.22"]
[Round "10.1"]
[White "GYIMESI, Zoltan"]
[Black "ZUPE, Miran"]
[Result "1/2-1/2"]
[WhiteElo "2596"]
[BlackElo "2378"]
[PlyCount "86"]
[EventDate "2003.03.22"]

1. d4 Nf6 2. c4 e6 3. Nf3 d5 4. Nc3 c6 5. Bg5 h6 6. Bh4 Be7 7. e3 O-O 8. Rc1
Ne4 9. Bxe7 Qxe7 10. Bd3 Nxc3 11. Rxc3 Nd7 12. O-O dxc4 13. Bxc4 e5 14. Qc2 e4
15. Ne5 Nxe5 16. Qxe4 Re8 17. dxe5 Qxe5 18. Qxe5 Rxe5 19. Rd1 Kf8 20. f3 Be6
21. Bxe6 Rxe6 22. e4 Rae8 23. Kf2 Re5 24. Rd4 Rb5 25. b3 Rbe5 26. a4 f5 27.
exf5 Rxf5 28. f4 c5 29. Rdc4 b6 30. Kf3 Rd5 31. b4 cxb4 32. Rxb4 Rd2 33. a5
bxa5 34. Rb7 Re7 35. Rcc7 Rxc7 36. Rxc7 a6 37. Rc6 Kf7 38. Rxa6 Ra2 39. h3 h5
40. g4 hxg4+ 41. hxg4 a4 42. f5 a3 43. Kf4 Ra1 1/2-1/2

[Event "Staatsliga-B-Mitte 2002/2003"]
[Site "?"]
[Date "2003.03.22"]
[Round "10.1"]
[White "HERRMANN, Johann"]
[Black "STANEC, Nikolaus"]
[Result "0-1"]
[WhiteElo "2182"]
[BlackElo "2523"]
[PlyCount "62"]
[EventDate "2003.03.22"]

1. c4 Nf6 2. Nc3 e6 3. d4 Bb4 4. Bd2 O-O 5. Nf3 c5 6. d5 exd5 7. cxd5 d6 8. e3
Nbd7 9. a3 Bxc3 10. bxc3 Nxd5 11. c4 N5f6 12. Bd3 Ne5 13. Bc3 Bg4 14. h3 Nxd3+
15. Qxd3 Bh5 16. Rd1 Bg6 17. Bxf6 Qxf6 18. Qb3 Be4 19. Ke2 Rad8 20. Rd2 Bc6 21.
Rhd1 Rd7 22. Ne1 Rfd8 23. f3 Qe6 24. Nd3 b5 25. Nb2 bxc4 26. Nxc4 d5 27. Na5
Ba8 28. Qb5 d4 29. Qxc5 Qxe3+ 30. Kf1 Rd5 31. Nc4 Qxd2 0-1